000 00385pab a2200157 454500
008 180718b2012 xxu||||| |||| 00| 0 eng d
100 _aAnkit Rakesh
245 _aHow the ban on the RSS was lifted
260 _c2012
300 _ap.71-78.
362 _a21 Apr
650 _aRashtriya Swayamsevak Sangh
773 _aEconomic and Political Weekly
908 _aN
909 _a95719
999 _c95719
_d95719